Epistolario / (Record no. 183002)
[ view plain ]
| 000 -LEADER | |
|---|---|
| campo de control de longitud fija | 00915nam a2200253 i 4500 |
| 001 - NÚMERO DE CONTROL | |
| campo de control | 183002 |
| 003 - IDENTIFICADOR DE NÚMERO DE CONTROL | |
| campo de control | ES-MaACL |
| 005 - FECHA Y HORA DE LA ÚLTIMA TRANSACCIÓN | |
| campo de control | 20231124062958.0 |
| 008 - DATOS DE LONGITUD FIJA--INFORMACIÓN GENERAL | |
| campo de control de longitud fija | 140113s2008 sp |||| |dspa d |
| 020 ## - NÚMERO INTERNACIONAL ESTÁNDAR DEL LIBRO | |
| Número Internacional Estándar del Libro | 978-84-7807-454-9 |
| 100 1# - ENTRADA PRINCIPAL--NOMBRE DE PERSONA | |
| Nombre de persona | Ganivet, Ángel, |
| Fechas asociadas al nombre | 1865-1898 |
| 9 (RLIN) | 53864 |
| 245 10 - MENCIÓN DEL TÍTULO | |
| Título | Epistolario / |
| Mención de responsabilidad, etc. | Ángel Ganivet ; edición de Fernando García Lara. |
| 260 ## - PUBLICACIÓN, DISTRIBUCIÓN, ETC. | |
| Lugar de publicación, distribución, etc. | Granada : |
| Nombre del editor, distribuidor, etc. | Diputación, |
| Fecha de publicación, distribución, etc. | 2008. |
| 300 ## - DESCRIPCIÓN FÍSICA | |
| Extensión | 1392 p. ; |
| Dimensiones | 22 cm. |
| 490 1# - MENCIÓN DE SERIE | |
| Mención de serie | Obras completas de Ángel Ganivet ; |
| Designación de volumen o secuencia | 10 |
| 500 ## - NOTA GENERAL | |
| Nota general | Índices. |
| 600 17 - PUNTO DE ACCESO ADICIONAL DE MATERIA--NOMBRE DE PERSONA | |
| Nombre de persona | Ganivet, Ángel, |
| Fechas asociadas al nombre | 1865-1898- |
| Subdivisión de forma | Correspondencia |
| Fuente del encabezamiento o término | |
| 9 (RLIN) | 166717 |
| 700 1# - ENTRADA AGREGADA--NOMBRE PERSONAL | |
| Nombre de persona | García Lara, Fernando. |
| 9 (RLIN) | 147205 |
| 710 1# - ENTRADA AGREGADA--NOMBRE DE ENTIDAD CORPORATIVA | |
| Nombre de entidad corporativa o nombre de jurisdicción como elemento de entrada | Granada (Provincia). |
| Unidad subordinada | Diputación Provincial. |
| 9 (RLIN) | 4488 |
| 830 0# - PUNTO DE ACCESO ADICIONAL DE SERIE-TÍTULO UNIFORME | |
| Título uniforme | Obras completas de Ángel Ganivet ; |
| Designación de volumen o secuencia | 10 |
| 9 (RLIN) | 188601 |
| 852 ## - LOCALIZACIÓN | |
| Ubicación | ES-MaACL |
| Número de control de estantería | A-12947 |
| itemnumber | 189935 |
| Sublocalización o colección | R.149921 |
| Ubicación en estantería | Depósito 1 |
| Signatura antigua | Olim: N-5947 |
| 942 ## - ELEMENTOS DE ENTRADA SECUNDARIOS (KOHA) | |
| Fuente del sistema de clasificación o colocación | Clasificación decimal universal |
| Tipo de ítem Koha | Libro impreso |
| Estatus retirado | Estado de pérdida | Fuente del sistema de clasificación o colocación | Estado de daño | No para préstamo | Biblioteca de origen | Biblioteca actual | Ubicación en estantería | Fecha de adquisición | Fuente de adquisición | Total de préstamos | Signatura topográfica completa | Código de barras | Visto por última vez | Precio de reemplazo | Tipo de ítem Koha |
|---|---|---|---|---|---|---|---|---|---|---|---|---|---|---|---|
| Clasificación decimal universal | Biblioteca del Ateneo de Madrid | Biblioteca del Ateneo de Madrid | Depósito 1 | 13/01/2014 | Donación | A-12947 | 1192341 | 23/02/2023 | 23/02/2023 | Libro impreso |
